Hidden treasure : (Record no. 5433)
[ view plain ]
| 000 -LEADER | |
|---|---|
| fixed length control field | 00824cam a22002537i 4500 |
| 001 - CONTROL NUMBER | |
| control field | 0000005650 |
| 005 - DATE AND TIME OF LATEST TRANSACTION | |
| control field | 20170406120902.0 |
| 008 - FIXED-LENGTH DATA ELEMENTS--GENERAL INFORMATION | |
| fixed length control field | 120712s2012 rh a 000 0aeng |
| 010 ## - LIBRARY OF CONGRESS CONTROL NUMBER | |
| LC control number | 2012314214 |
| 020 ## - INTERNATIONAL STANDARD BOOK NUMBER | |
| International Standard Book Number | 9780797449190 (Chater family) |
| 020 ## - INTERNATIONAL STANDARD BOOK NUMBER | |
| International Standard Book Number | 9781779221865 (Weaver Press) |
| 040 ## - CATALOGING SOURCE | |
| Original cataloging agency | DLC |
| Language of cataloging | eng |
| Transcribing agency | DLC |
| Description conventions | rda |
| 042 ## - AUTHENTICATION CODE | |
| Authentication code | c=Program for Cooperative Cataloging |
| 050 00 - LIBRARY OF CONGRESS CALL NUMBER | |
| Classification number | MLCS 2013/42806 (P) |
| 100 1# - MAIN ENTRY--PERSONAL NAME | |
| Personal name | Chater, Patricia. |
| 245 10 - TITLE STATEMENT | |
| Title | Hidden treasure : |
| Remainder of title | a memoir / |
| Statement of responsibility, etc. | by Patricia Chater ; introduced by Ann Hastings. |
| 264 #1 - PRODUCTION, PUBLICATION, DISTRIBUTION, MANUFACTURE, AND COPYRIGHT NOTICE | |
| Name of producer, publisher, distributor, manufacturer | Weaver Press, |
| 300 ## - PHYSICAL DESCRIPTION | |
| Extent | xii, 155 pages : |
| Other physical details | illustrations ; |
| Dimensions | 21 cm. |
| 700 1# - ADDED ENTRY--PERSONAL NAME | |
| Personal name | Hastings, Ann. |
| 852 1# - LOCATION | |
| -- | p14.00usd |
| 908 ## - PUT COMMAND PARAMETER (RLIN) | |
| Put command parameter | 150114 |
| Withdrawn status | Lost status | Source of classification or shelving scheme | Damaged status | Not for loan | Home library | Current library | Shelving location | Date acquired | Total Checkouts | Full call number | Barcode | Date last seen | Copy number | Price effective from | Koha item type |
|---|---|---|---|---|---|---|---|---|---|---|---|---|---|---|---|
| CUZ Harare Campus | CUZ Harare Campus | Open Shelf | 06.04.2017 | MLCS 428067. P | BK0006761 | 22.05.2025 | CU12896 | 06.04.2017 | OS Book |